Estadísticas para Banderas Mundiales con Solamente Dos Colores

Haz click aquí para tomar la prueba!

Estadísticas generales

  • Esta prueba ha sido tomada 869 veces
  • La puntuación promedio es 19 de 37

Estadísticas de respuestas

País% Correcto
Polonia
94%
Ucrania
89%
Mónaco
85%
Indonesia
82%
Catar
75%
Japón
70%
China
66%
Canadá
64%
Suecia
64%
Finlandia
63%
Baréin
57%
Dinamarca
54%
Turquía
50%
Marruecos
49%
Grecia
48%
Suiza
47%
Afganistán
46%
Austria
46%
Bangladés
46%
Pakistán
46%
Túnez
45%
Letonia
44%
Nigeria
44%
Arabia Saudita
43%
Kazajistán
43%
Albania
42%
Singapur
42%
Vietnam
42%
Palaos
40%
Honduras
34%
Israel
32%
Somalia
32%
Macedonia del Norte
29%
Kirguistán
28%
Georgia
26%
Estados Federados de Micronesia
24%
Tonga
23%

Distribución de puntuación

Porcentaje por número respondido

Porcentaje de gente con cada puntuación

Historial de tus puntuaciones

No has tomado esta prueba